00743nam a2200253 a 4500001001300000003000900013005001700022008004100039020001000080082001600090100001900106245004600125260003400171300000900205500003500214505001700249650001900266650002200285700001900307902000800326942000700334952013100341999001700472nice12345678IN_TiNIC20260116015215.0050524s1992 oxfa grp 000 0 eng  ac10000a956.94bCHA aChapman, Colin aWhose Promised Landb Israel Or Palestine aOxfordbLion Paper Backc1992 a287p aincludes index and biblioraphy2 abibliography aIsrael-History aPalestine-History1 aChapman, Colin bSRS cBK 001040708StackRoom-aHMIbHMId2012-07-16g100.00l1o956.94 CHAp11000215r2017-08-22s2017-07-18v100.00w2005-05-24yBK c18758d18758